[Event "Kecskemet"]
[Site "Kecskemet"]
[Date "1990.??.??"]
[Round "1"]
[White "Reeh, Oliver"]
[Black "Hertneck, Gerald"]
[Result "1/2-1/2"]
[WhiteElo "2425"]
[BlackElo "2480"]

1.e4 e6 2.d4 d5 3.Nc3 Bb4 4.e5 Ne7 5.a3 Bxc3+ 6.bxc3 c5 7.a4 Nbc6 8.Nf3 Qa5
9.Qd2 Bd7 10.Bd3 Rc8 11.O-O cxd4 12.cxd4 Qxd2 13.Bxd2 O-O 14.a5 Rc7 15.Rfb1 a6
16.Rb2 Na7 17.Bb4 Bb5 18.Bd6 Rd7 19.Ne1 Rc8 20.Bxb5 Nxb5 21.Nd3 Nf5 22.Nc5 Rxd6
23.exd6 Nfxd6 24.c3 g5 25.Rb3 Rc7 26.Rab1 Kg7 27.f3 Kg6 28.Kf2 h5 29.g3 Re7
30.Nd3 f6 31.h3 Rc7 32.Re1 Nxc3 33.Rb6 Nc4 34.Rbxe6 Kf7 35.Re8 Ne4+ 36.fxe4 Kxe8
37.exd5+ Re7 38.Rb1 Nxa5 39.Nc5 Nc4 40.Nxb7 Rd7 41.Rc1 Rxb7 42.Rxc4 Rb2+
43.Kf3 Rb3+ 44.Kg2 a5 45.Rc6 Ke7 46.Re6+ Kf7 47.Ra6 Rb5 48.Ra7+ Ke8 49.d6 f5
50.h4 g4 51.Kf2 Rb3 52.Rxa5 Rf3+ 53.Kg2 Kd7 54.Rd5 f4 55.gxf4 Rxf4 56.Kh2 Rf2+
57.Kg1 Rd2 58.Rxh5 Kxd6  1/2-1/2

[Event "Kecskemet"]
[Site "Kecskemet"]
[Date "1990.??.??"]
[Round "5"]
[White "Reeh, Oliver"]
[Black "Arkhipov, Sergey"]
[Result "0-1"]
[WhiteElo "2425"]
[BlackElo "2440"]

1.e4 e6 2.d4 d5 3.Nc3 Bb4 4.e5 Ne7 5.a3 Bxc3+ 6.bxc3 c5 7.a4 Qa5 8.Qd2 Nbc6
9.Nf3 Bd7 10.Bd3 f6 11.exf6 gxf6 12.O-O c4 13.Be2 O-O-O 14.Ba3 Nf5 15.Rfe1 Rdg8
16.Bf1 h5 17.Kh1 Rg6 18.Re2 Rhg8 19.Qe1 Nd8 20.g3 h4 21.Bh3 hxg3 22.fxg3 Nxg3+
23.hxg3 Rxg3 24.Bg2 e5 25.Nh2 Ne6 26.Bc1 Nxd4 27.Rf2 Nf5 28.Nf1 R3g7 29.Ne3 Ng3+
30.Kh2 Ne4 31.Rf3 d4  0-1

[Event "Kecskemet"]
[Site "Kecskemet"]
[Date "1990.??.??"]
[Round "10"]
[White "Gallagher, Joseph G"]
[Black "Hertneck, Gerald"]
[Result "1/2-1/2"]
[WhiteElo "2470"]
[BlackElo "2480"]

1.e4 e6 2.d4 d5 3.Nc3 Bb4 4.e5 Ne7 5.a3 Bxc3+ 6.bxc3 c5 7.Qg4 O-O 8.Bd3 f5
9.exf6 Rxf6 10.Bg5 Rf7 11.Qh4 h6 12.Bxe7 Qxe7 13.Qxe7 Rxe7 14.Nf3 Bd7 15.O-O c4
16.Bg6 Nc6 17.Rfe1 Rf8 18.Rab1 Rf6 19.Bh5 g6 20.Bg4 Be8 21.Ne5 Nxe5 22.Rxe5 Kf8
23.Rbe1 Bf7 24.h4 Ke8 25.g3 Kd8 26.f4 h5 27.Bh3 Re8 28.Kf2 Kc7 29.Ke3 Rd8
30.Kd2 Rd6 31.Kc1 Rb6  1/2-1/2

[Event "Kherson"]
[Site "Kherson"]
[Date "1990.??.??"]
[Round "?"]
[White "Shmuter, Leonid"]
[Black "Kaplun, Leonid I"]
[Result "1-0"]
[WhiteElo "2405"]
[BlackElo "2390"]

1.e4 e6 2.d4 d5 3.Nc3 Bb4 4.e5 Ne7 5.a3 Bxc3+ 6.bxc3 c5 7.Qg4 Qc7 8.Qxg7 Rg8
9.Qxh7 cxd4 10.Ne2 Nbc6 11.f4 Bd7 12.Qd3 dxc3 13.Be3 Nf5 14.Bf2 f6 15.exf6 O-O-O
16.h3 e5 17.f7 Rgf8 18.g4 e4 19.Qxc3 d4 20.Qc5 e3 21.Bg1 Nh4 22.O-O-O Be6
23.f5 Bd5 24.Bh2 Qxf7 25.Nf4 Bxh1 26.Bc4 Qc7 27.Rxh1 b6 28.Ba6+ Kb8 29.Ne6 Qxh2
30.Qxc6 Qd2+ 31.Kb1 Rf7 32.Nxd8 Rc7 33.Qe4  1-0

[Event "JUG-ch"]
[Site "Kladovo"]
[Date "1990.??.??"]
[Round "?"]
[White "Cabrilo, Goran"]
[Black "Dizdar, Goran"]
[Result "1-0"]
[WhiteElo "2480"]
[BlackElo "2470"]

1.e4 e6 2.d4 d5 3.Nc3 Bb4 4.e5 b6 5.a3 Bf8 6.Bb5+ Bd7 7.Bd3 c5 8.Nf3 Nc6
9.O-O Nge7 10.Nb5 Ng6 11.c4 dxc4 12.Bxg6 hxg6 13.d5 Na5 14.Bg5 Be7 15.Bxe7 Kxe7
16.Nd6 Kf8 17.Qd2 Qe7 18.Ng5 f6 19.dxe6 Bc6 20.exf6 gxf6 21.Ngf7 Rh4 22.Qe3 Rh5
23.Rae1 Nb3 24.Qf4 Nd4 25.Re3 Kg7 26.Rfe1 Rg8 27.Rg3 Kh7 28.Ree3 Kg7 29.Kf1 g5
30.h4 Kf8 31.Nxg5 c3 32.bxc3 Nc2 33.Nf5 Nxe3+ 34.fxe3 fxg5 35.Qb8+ Be8 36.Nxe7 Kxe7
37.Qc7+ Kxe6 38.Qxa7 Rf8+ 39.Ke1 gxh4 40.Qxb6+ Ke7 41.Rg7+ Bf7 42.Qc7+ Kf6
43.Rg4  1-0

[Event "Lyngby op"]
[Site "Lyngby"]
[Date "1990.??.??"]
[Round "4"]
[White "Kristiansen, Jens"]
[Black "Beulen, Marcel"]
[Result "1-0"]
[WhiteElo "2445"]
[BlackElo "2235"]

1.e4 e6 2.d4 d5 3.Nc3 Bb4 4.e5 Qd7 5.a3 Bxc3+ 6.bxc3 b6 7.Nh3 Ba6 8.Bxa6 Nxa6
9.Qg4 f5 10.Qh5+ g6 11.Qe2 Nb8 12.c4 dxc4 13.Qxc4 Qc6 14.Qxc6+ Nxc6 15.Bb2 Nge7
16.O-O-O Nd8 17.c4 c6 18.Nf4 O-O 19.h4 Rc8 20.Kb1 Kf7 21.d5 cxd5 22.cxd5 Nxd5
23.Nxd5 exd5 24.Rxd5 Re8 25.h5 g5 26.e6+ Nxe6 27.Rxf5+ Kg8 28.f4 Rc5 29.Rxc5 bxc5
30.f5 Nd4 31.Rc1 Re5 32.g4 Re4 33.Rxc5 Rxg4 34.Rd5 Nf3 35.Rd8+ Kf7 36.Rd7+ Kf8
37.Rxh7 Rh4 38.f6 g4 39.a4 Ng5 40.Ba3+ Ke8 41.Re7+ Kd8 42.f7 Rh1+ 43.Kc2 Rh2+
44.Kd1 Rh1+ 45.Ke2 Nxf7 46.Rxf7 Rxh5 47.Rxa7 Kc8 48.Bd6 Rd5 49.Rc7+ Kd8 50.Bg3 Ra5
51.Rc4  1-0

[Event "Lyngby op"]
[Site "Lyngby"]
[Date "1990.??.??"]
[Round "9"]
[White "Kristiansen, Jens"]
[Black "Mollov, Elin"]
[Result "1-0"]
[WhiteElo "2445"]
[BlackElo "2365"]

1.e4 e6 2.d4 d5 3.Nc3 Bb4 4.e5 b6 5.Qg4 Bf8 6.Nf3 Ne7 7.Bg5 Ba6 8.Bxa6 Nxa6
9.O-O h6 10.Qh5 Qd7 11.a4 Nb4 12.Rfc1 a6 13.Nd1 Nf5 14.Bd2 Nc6 15.Be3 Be7
16.b3 g6 17.Qh3 O-O-O 18.Nb2 h5 19.c3 Nxe3 20.fxe3 g5 21.Nd2 g4 22.Qg3 Bg5
23.Qf2 g3 24.Qxg3 Rdg8 25.Qf2 Ne7 26.Qe2 Nf5 27.Nf1 h4 28.Qxa6+ Kd8 29.Qe2 h3
30.g3 Bh4 31.Nd3 Qe7 32.Qf3 Qg5 33.a5 bxa5 34.Rxa5 Ke7 35.Ra7 Kd7 36.Nc5+ Kd8
37.Ra8+ Ke7 38.Rxg8 Rxg8 39.Ra1 Rg6 40.Nd3 Qh6 41.Nf4 Rg5 42.Nxh3 Rg8 43.Nf4 Qh7
44.Ra7 Kd7 45.Kf2 Bg5 46.Qe2 Rb8 47.b4 Ne7 48.Qd3 Qh8 49.Kg2 Nc6 50.Ra6 Ne7
51.Nd2 Bxf4 52.exf4 Nf5 53.Nf3 Qh7 54.Qe2 Ne7 55.Ra1 Qf5 56.Ng5 Ng6 57.Qd2 Rh8
58.h3 Rg8 59.Rf1 Ne7 60.g4 Qg6 61.Ra1  1-0

[Event "Lyon op"]
[Site "Lyon"]
[Date "1990.??.??"]
[Round "?"]
[White "Gallagher, Joseph G"]
[Black "Maus, Soenke"]
[Result "1/2-1/2"]
[WhiteElo "2470"]
[BlackElo "2400"]

1.e4 e6 2.d4 d5 3.Nc3 Bb4 4.e5 Ne7 5.a3 Bxc3+ 6.bxc3 c5 7.Qg4 Qc7 8.Qxg7 Rg8
9.Qxh7 cxd4 10.Ne2 Nbc6 11.f4 Bd7 12.Qd3 dxc3 13.Nxc3 Na5 14.Nb5 Bxb5 15.Qxb5+ Nac6
16.Bb2 O-O-O 17.O-O-O Nf5 18.Qd3 d4 19.Qe4 Ne3 20.Rd3  1/2-1/2

[Event "Melbourne Masters"]
[Site "Melbourne"]
[Date "1990.??.??"]
[Round "6"]
[White "Solomon, Stephen J"]
[Black "Johansen, Darryl K"]
[Result "1-0"]
[WhiteElo "2385"]
[BlackElo "2420"]

1.e4 e6 2.d4 d5 3.Nc3 Bb4 4.e5 b6 5.Qg4 Bf8 6.Bb5+ c6 7.Ba4 Bd7 8.Nf3 Ne7
9.Nd1 h5 10.Qf4 Ng6 11.Qe3 c5 12.Bxd7+ Qxd7 13.c3 Nc6 14.O-O Be7 15.Ne1 h4
16.Nd3 cxd4 17.cxd4 f5 18.f4 Nb4 19.Nxb4 Bxb4 20.Bd2 Be7 21.Nf2 Rc8 22.Rfc1 Kf7
23.b3 Rxc1+ 24.Rxc1 Rc8 25.Rxc8 Qxc8 26.Qd3 Nf8 27.g4 hxg3 28.hxg3 g6 29.g4 fxg4
30.Nxg4 Qc6 31.a4 a6 32.Ne3 b5 33.a5 b4 34.Kf2 Ke8 35.Ke2 Kd7 36.Kd1 Qb7
37.Ng4 Kc7 38.Nh6 Qc6 39.Ng8 Bd8 40.Bxb4 Nd7 41.Ne7 Bxe7 42.Bxe7 Kb7 43.Kd2 Qc7
44.Bb4 Qd8 45.Qxg6 Qh4 46.Qxe6 Qxf4+ 47.Kc2 Qe4+ 48.Kc1 Qf4+ 49.Bd2 Qf1+
50.Kb2 Qb5 51.Qf7 Ka8 52.Qe8+ Nb8 53.Qxb5 axb5 54.e6 Na6 55.Bf4 Kb7 56.e7 Nc7
57.Bxc7 Kxc7 58.e8=Q b4 59.a6 Kb6 60.Qc8 Ka5 61.a7  1-0

[Event "URS-ch U26"]
[Site "Minsk"]
[Date "1990.??.??"]
[Round "?"]
[White "Kruppa, Yuri"]
[Black "Piskov, Yury"]
[Result "1-0"]
[WhiteElo "2460"]
[BlackElo "2445"]

1.e4 e6 2.d4 d5 3.Nc3 Bb4 4.e5 Ne7 5.a3 Bxc3+ 6.bxc3 c5 7.Qg4 O-O 8.Bd3 f5
9.exf6 Rxf6 10.Bg5 Nd7 11.Qh4 h6 12.Bxf6 Nxf6 13.dxc5 e5 14.f3 e4 15.fxe4 Qa5
16.Ne2 dxe4 17.Bxe4 Bg4 18.Bf3 Nf5 19.Qf2 Bxf3 20.gxf3 Re8 21.O-O Ne3 22.Rfb1 Qxc5
23.Rxb7 Re5 24.Rab1 a6 25.Ng3 Qc6 26.R7b6 Qc7 27.Qd2 Re8 28.Ne4 Nfd5 29.R6b4 Qf4
30.Qd4 Re5 31.Ng3 Qg5 32.Rb8+ Kh7 33.Qd3+ Nf5 34.Rf8 Ne7 35.f4 Qxf4 36.Rf1 Qe3+
37.Qxe3 Nxe3 38.Re1 Ng6 39.Rf2 Nc4 40.Rxe5 Ngxe5 41.a4 a5 42.Ne4 g5 43.Rf6 g4
44.Kf2 h5 45.Nd6 Nb6 46.Rf5 Nbd7 47.Rxh5+ Kg6 48.Rf5 Nc4 49.Rf4 Nce5 50.Nc4  1-0

[Event "Moscow2"]
[Site "Moscow"]
[Date "1990.??.??"]
[Round "?"]
[White "Bokan, Danko"]
[Black "Zlotnik, Boris A"]
[Result "1/2-1/2"]
[WhiteElo "2260"]
[BlackElo "2465"]

1.e4 e6 2.d4 d5 3.Nc3 Bb4 4.e5 Qd7 5.a3 Bf8 6.f4 b6 7.Nf3 Nh6 8.Be3 c5 9.Qd2 Ba6
10.O-O-O Bxf1 11.Rhxf1 c4 12.h3 Nf5 13.g4 Nxe3 14.Qxe3 Nc6 15.f5 h6 16.Nh4 Be7
17.f6 gxf6 18.exf6 Bf8 19.Rf5 O-O-O 20.Rh5 Rg8 21.Nf3 a6 22.Qf4 b5 23.h4 Qb7
24.g5 hxg5 25.Nxg5 Bd6 26.Qf3 Qc7 27.Ne2 Rh8 28.Rxh8 Rxh8 29.h5 b4 30.a4 Bf8
31.Kb1 Bh6 32.Rg1 Rg8 33.Nh3 Rxg1+ 34.Nhxg1 Qd8 35.Nh3 Nb8 36.b3 cxb3 37.cxb3 Nd7
38.Qd3 Kb7 39.Nf2 Nxf6 40.Qf3 Qh8 41.Nd3 Qh7 42.Kb2 Nxh5 43.Nxb4 Bf8 44.Qc3 Bxb4
45.Qxb4+ Kc8 46.Qc5+ Kd7 47.Qa7+ Kd8 48.Qxa6 Qh6 49.Qa5+ Kd7 50.Qb5+ Kc7
51.a5 Qd2+ 52.Ka3 Qc2 53.Qb6+ Kc8 54.Qa6+ Kd7 55.Qb7+ Qc7 56.Qb5+ Qc6 57.Qxc6+ Kxc6
58.b4 f5 59.Ka4 f4 60.b5+ Kb7  1/2-1/2

[Event "Moscow2"]
[Site "Moscow"]
[Date "1990.??.??"]
[Round "?"]
[White "Pichler, Juergen"]
[Black "Zlotnik, Boris A"]
[Result "0-1"]
[WhiteElo "2325"]
[BlackElo "2465"]

1.e4 e6 2.d4 d5 3.Nc3 Bb4 4.e5 Ne7 5.Bd2 b6 6.Nh3 Nf5 7.g4 Ne7 8.Nf4 c5 9.Nb5 Bxd2+
10.Qxd2 O-O 11.c3 Nbc6 12.O-O-O Ba6 13.Kb1 Qd7 14.Nh5 Kh8 15.h4 cxd4 16.cxd4 Na5
17.Nd6 Bxf1 18.Rdxf1 Nc4 19.Nxc4 dxc4 20.Nxg7 Kxg7 21.Qg5+ Kh8 22.Qf6+ Kg8
23.Qg5+ Ng6 24.h5 Rad8 25.hxg6 fxg6 26.Qh6 Rf7 27.f4 Qxd4 28.a3 Qd3+ 29.Ka2 Rdd7
30.Rc1  0-1

[Event "Novi Sad ol (Men)"]
[Site "Novi Sad"]
[Date "1990.??.??"]
[Round "4"]
[White "Tomorhuyag, Nyamaa"]
[Black "Uhlmann, Wolfgang"]
[Result "0-1"]
[WhiteElo "2360"]
[BlackElo "2505"]

1.e4 e6 2.d4 d5 3.Nc3 Bb4 4.e5 Ne7 5.Qg4 c5 6.a3 Qa5 7.Ne2 cxd4 8.axb4 Qxa1
9.Nb5 O-O 10.Nc7 Na6 11.Nxa8 Bd7 12.Qg5 Ng6 13.Nxd4 Nxb4 14.Nc7 Rc8 15.Kd1 a6
16.h4 h6 17.Qd2 Na2 18.Nb3 Qb1 19.Nxa6 bxa6 20.Bxa6 Ra8 21.Be2 Nxe5 22.Rh3 Nc4
23.Bxc4 dxc4 24.Nc5 Be8 25.Rg3 g6 26.Ne4 Ba4 27.Nc3 Bxc2+ 28.Ke2 Nxc1+ 29.Kf3 Qxb2
30.h5 Qb7+ 31.Kg4 Bf5+ 32.Kf4 Qc7+ 33.Ke3 Nb3 34.hxg6  0-1

[Event "Novi Sad ol (Men)"]
[Site "Novi Sad"]
[Date "1990.??.??"]
[Round "8"]
[White "Lhagva, Jambaldoo"]
[Black "Gdanski, Jacek"]
[Result "0-1"]
[WhiteElo "2325"]
[BlackElo "2420"]

1.e4 e6 2.d4 d5 3.Nc3 Bb4 4.e5 Ne7 5.a3 Bxc3+ 6.bxc3 c5 7.Qg4 Qc7 8.Qxg7 Rg8
9.Qxh7 cxd4 10.Ne2 Nbc6 11.f4 Bd7 12.Qd3 dxc3 13.Nxc3 a6 14.Rb1 Na5 15.h4 Nf5
16.Rh3 O-O-O 17.h5 Nc4 18.Nd1 Bb5 19.Qc3 d4 20.Qb4 Qc6 21.Nf2 Nfe3 22.Bxe3 dxe3
23.Nd1 e2 24.Bxe2 Rxg2 25.Rd3 Rg1+ 26.Bf1 Rdg8 27.Rbb3 Rxf1+ 28.Kxf1 Qg2+
29.Ke1 Qg1+  0-1

[Event "Novi Sad ol (Men)"]
[Site "Novi Sad"]
[Date "1990.??.??"]
[Round "8"]
[White "Prasad, Devaki V"]
[Black "Sula, Zegir"]
[Result "1-0"]
[WhiteElo "2425"]
[BlackElo "2365"]

1.e4 e6 2.d4 d5 3.Nc3 Bb4 4.e5 Qd7 5.Qg4 f5 6.Qg3 b6 7.Nh3 Ba6 8.Bxa6 Nxa6
9.Nf4 O-O-O 10.a3 Bxc3+ 11.bxc3 g6 12.a4 Kb7 13.O-O Ne7 14.a5 b5 15.Ba3 Rde8
16.Rfb1 c6 17.h4 Rhg8 18.Rb3 Ka8 19.Rab1 Nc8 20.Qg5 Rg7 21.f3 Nc7 22.Kf2 h5
23.Rh1 Reg8 24.Rh3 Ne8 25.Rg3 Kb7 26.Nd3 Kc7 27.Qe3 Kb8 28.Rg5 Nc7 29.Nf4 Ka8
30.Rb1 Na6 31.Qd3 Qe8 32.Ke2 Qd7 33.Rg1 c5 34.Bxc5 Nxc5 35.dxc5 a6 36.g4 hxg4
37.fxg4 Na7 38.gxf5 gxf5 39.Qe3 Rxg5 40.Rxg5 Rxg5 41.hxg5 Nc6 42.Qg3 Qg7
43.Nxe6 Qe7 44.Nf4 Qxe5+ 45.Qe3 Qh8 46.Qe6 Qh2+ 47.Kd1 Qg1+ 48.Kd2 Qf2+ 49.Ne2 Qxc5
50.Qc8+ Ka7 51.Qc7+ Ka8 52.g6 f4 53.Nd4  1-0

[Event "Novi Sad ol (Men)"]
[Site "Novi Sad"]
[Date "1990.??.??"]
[Round "9"]
[White "Gdanski, Jacek"]
[Black "Garma, Chito"]
[Result "1/2-1/2"]
[WhiteElo "2420"]
[BlackElo "2280"]

1.e4 e6 2.d4 d5 3.Nc3 Bb4 4.e5 Qd7 5.Qg4 f5 6.Qg3 b6 7.Nh3 Ba6 8.Bxa6 Nxa6
9.O-O c6 10.Ne2 Nc7 11.Nhf4 Qf7 12.b3 Be7 13.h4 Bd8 14.c4 Ne7 15.Ba3 Ng6
16.h5 Nxf4 17.Nxf4 Be7 18.Bd6 Rc8 19.Rac1 dxc4 20.bxc4 O-O 21.h6 g6 22.Bxc7 Rxc7
23.d5 cxd5 24.cxd5 Rxc1 25.Rxc1 exd5 26.Rc7 Rd8 27.Qb3 Kf8 28.g3 g5 29.e6 Qf6
30.Nxd5 Qa1+ 31.Kh2 Qd4 32.Ne3 f4 33.Qc2 fxe3 34.Qxh7 Qf6 35.Qg7+ Qxg7 36.hxg7+ Kxg7
37.Rxe7+ Kf6 38.Rf7+ Kxe6 39.Rf3 Rd3 40.fxe3 g4 41.Rf4 Rd2+ 42.Kg1 Rxa2 43.Kf1 a5
44.Ke1 b5 45.Rxg4 b4 46.Kd1 b3 47.Kc1 a4 48.Kb1 Kd5 49.e4+ Kd4 50.e5+ Kc3
51.Re4 Rg2 52.Re3+ Kd2 53.Rf3 Re2 54.Kb2 Kd1+ 55.Kb1 Rxe5 56.Rf4 Ra5 57.Kb2 a3+
58.Kxb3 a2 59.Rf1+ Kd2 60.Rf2+ Kd3 61.Rxa2 Rxa2 62.Kxa2  1/2-1/2

[Event "Paris-ch"]
[Site "Paris"]
[Date "1990.??.??"]
[Round "?"]
[White "Boudre, Jean Pierre"]
[Black "Lamoureux, Charles"]
[Result "1-0"]
[WhiteElo "2355"]
[BlackElo "2255"]

1.e4 e6 2.d4 d5 3.Nc3 Bb4 4.e5 Ne7 5.Qg4 c5 6.a3 Bxc3+ 7.bxc3 cxd4 8.Qxg7 Rg8
9.Qxh7 Qc7 10.Ne2 Nbc6 11.f4 Bd7 12.Qd3 dxc3 13.Nxc3 a6 14.Rb1 Nf5 15.Bd2 Nce7
16.g3 Rc8 17.Bg2 b5 18.O-O Qc5+ 19.Rf2 Bc6 20.Ne2 d4 21.Bb4 Qb6 22.Bxe7 Kxe7
23.Bxc6 Rxc6 24.Rb4 Rd8 25.g4 Rc3 26.Nxc3 dxc3 27.Qxc3 Rd1+ 28.Kg2 Nh4+ 29.Kg3 Rg1+
30.Kxh4 Qxf2+ 31.Kg5 Kf8 32.Qh3 Kg8 33.Qh5 Qd2 34.Kh6 Kf8 35.h4 Ke8 36.Kg5 Qxc2
37.Qh8+ Kd7 38.Rd4+ Kc7 39.Qd8+  1-0

[Event "Paris-ch"]
[Site "Paris"]
[Date "1990.??.??"]
[Round "?"]
[White "Neiman, Emmanuel"]
[Black "Delanoy, Arnaud"]
[Result "1/2-1/2"]
[WhiteElo "2245"]
[BlackElo "2315"]

1.e4 e6 2.d4 d5 3.Nc3 Bb4 4.e5 Ne7 5.a3 Bxc3+ 6.bxc3 c5 7.h4 Qc7 8.Nf3 Bd7
9.h5 h6 10.a4 Nbc6 11.Be2 O-O-O 12.Ba3 cxd4 13.cxd4 f6 14.Qd2 fxe5 15.dxe5 Nf5
16.O-O Nxe5 17.Nxe5 Qxe5 18.Bc5 d4 19.Bxa7 Bc6 20.Rfe1 Ne3 21.Bf1 Nxf1 22.Rxf1 Qxh5
23.Rfe1 Qg4 24.f4 Rhf8 25.Qe2 Qxe2 26.Rxe2 Rxf4 27.Rxe6 d3 28.cxd3 Rg4 29.Re2 Rxd3
30.a5 Rdg3 31.Raa2 Ra4  1/2-1/2

[Event "URS-ch (Women)"]
[Site "Podolsk"]
[Date "1990.??.??"]
[Round "13"]
[White "Arakhamia, Ketevan"]
[Black "Pudkova, Tatiana N"]
[Result "1-0"]
[WhiteElo "2380"]
[BlackElo "2130"]

1.e4 e6 2.d4 d5 3.Nc3 Bb4 4.e5 b6 5.Qg4 Bf8 6.a4 Ba6 7.Bxa6 Nxa6 8.a5 Nb4
9.Qe2 Qd7 10.Nf3 Ne7 11.O-O Nf5 12.g4 Ne7 13.axb6 cxb6 14.Nb5 Ng6 15.Ne1 h5
16.gxh5 Nh4 17.c3 Nc6 18.b4 a5 19.Bg5 Nf5 20.Ng2 Rc8 21.bxa5 Nxa5 22.Ne3 Nh6
23.Rfb1 Ng8 24.Nd6+ Bxd6 25.exd6 Qxd6 26.Qa6 Qd7 27.Rxb6 Nc4 28.Rb7 Qd6 29.Qa4+ Kf8
30.Rd7 Qb6 31.Nxc4 dxc4 32.Qa3+  1-0

[Event "CRO-Cup"]
[Site "Pula"]
[Date "1990.??.??"]
[Round "?"]
[White "Jakovljevic, Milan"]
[Black "Brkovic, Zoran"]
[Result "1/2-1/2"]
[WhiteElo "2340"]
[BlackElo "2365"]

1.e4 e6 2.d4 d5 3.Nc3 Bb4 4.e5 Ne7 5.a3 Bxc3+ 6.bxc3 c5 7.Nf3 Nbc6 8.Bd3 Qa5
9.Bd2 c4 10.Be2 f6 11.O-O O-O 12.Qe1 fxe5 13.Nxe5 Nxe5 14.dxe5 Bd7 15.f4 Be8
16.Bg4 Nf5 17.Bxf5 Rxf5 18.g4 Rf7 19.Qe3 d4 20.cxd4 Qd5 21.c3 Bc6 22.Qg3 Raf8
23.h4 Qh1+ 24.Kf2 Qe4 25.Kg1 Qh1+ 26.Kf2 Qe4 27.Kg1  1/2-1/2

[Event "Pula op"]
[Site "Pula"]
[Date "1990.??.??"]
[Round "5"]
[White "Ivanovic, Bozidar"]
[Black "Sprecic, Mustafa"]
[Result "1-0"]
[WhiteElo "2520"]
[BlackElo "2330"]

1.e4 e6 2.d4 d5 3.Nc3 Bb4 4.e5 Ne7 5.a3 Bxc3+ 6.bxc3 c5 7.Nf3 Qa5 8.Bd2 c4
9.g3 Nd7 10.Bg2 Nb6 11.O-O Na4 12.Nh4 h5 13.Bf3 g6 14.Bg2 Nc6 15.Nf3 Qd8
16.h4 b5 17.Re1 Bd7 18.Ng5 Qe7 19.Qf3 Nd8 20.Nh3 Bc6 21.Bg5 Qd7 22.Bf6 Rf8
23.Ng5 Qc7 24.Nh7 Nb7 25.Bg7 Rg8 26.Nf6+ Ke7 27.Bh6 Nb6 28.Bg5 Kf8 29.Nxg8 Kxg8
30.g4 hxg4 31.Qxg4 Kf8 32.Re3 Ke8 33.Rf3 Nd8 34.h5 f5 35.exf6 gxh5 36.Qxh5+ Qf7
37.Qh2 Nd7 38.Re1 Nf8 39.Qd6 Ng6 40.Rxe6+  1-0

[Event "Salamanca"]
[Site "Salamanca"]
[Date "1990.??.??"]
[Round "7"]
[White "Sanz Alonso, Francisco Javier"]
[Black "Romero Holmes, Alfonso"]
[Result "0-1"]
[WhiteElo "2450"]
[BlackElo "2460"]

1.e4 e6 2.d4 d5 3.Nc3 Bb4 4.e5 Ne7 5.Bd2 O-O 6.a3 Bxc3 7.Bxc3 b6 8.Nf3 c5
9.Bd3 h6 10.b4 Ba6 11.Bxa6 Nxa6 12.Qe2 Qc8 13.Bd2 Nc7 14.O-O cxb4 15.axb4 Qd7
16.Rfc1 Rfc8 17.Be1 Nb5 18.Qd3 Rc4 19.Bd2 Rac8 20.h3 R8c7 21.Kh2 Qc8 22.Ra2 Nf5
23.c3 Nxc3 24.Bxc3 Rxc3 25.Rxc3 Rxc3 26.Qd2 Qc4 27.Rxa7 Rc2 28.Qf4 Qf1 29.Nd2 Qe1
30.Nf3 Qxf2 31.Qg4 Ne3  0-1

[Event "Wch U20"]
[Site "Santiago"]
[Date "1990.??.??"]
[Round "1"]
[White "Hernandez, Gilberto"]
[Black "Giaccio, Alfredo"]
[Result "1-0"]
[WhiteElo "2395"]
[BlackElo "2225"]

1.e4 e6 2.d4 d5 3.Nc3 Bb4 4.e5 Ne7 5.a3 Bxc3+ 6.bxc3 c5 7.Nf3 Nbc6 8.a4 Qa5
9.Qd2 Bd7 10.Be2 f6 11.exf6 gxf6 12.dxc5 O-O-O 13.Nd4 Rhg8 14.g3 Ne5 15.Ba3 a6
16.Bb4 Qc7 17.Nb5 axb5 18.axb5 Bxb5 19.Ra8+ Kd7 20.Bxb5+ N5c6 21.Rxd8+ Kxd8
22.O-O Nf5 23.Ra1 Ke7 24.Bd3 Ne5 25.Qe2 Nxd3 26.cxd3 d4 27.c6+ Kf7 28.Qh5+ Kg7
29.cxb7 Qxb7 30.Bc5 Ra8 31.Rxa8 Qxa8 32.Bxd4 h6 33.Qg4+ Kf7 34.Qe4 Qc8 35.c4 e5
36.Be3 Kg7 37.Bd2 Nd6 38.Qf3 Nf7 39.h4 Qb8 40.Qg4+ Kf8 41.Qg6 Qb1+ 42.Kh2 Ke7
43.Be3 Qb4 44.Bxh6  1-0

[Event "Sion"]
[Site "Sion"]
[Date "1990.??.??"]
[Round "?"]
[White "Bednarski, Jacek B"]
[Black "Terreaux, Gilles"]
[Result "1/2-1/2"]
[WhiteElo "2325"]
[BlackElo "2290"]

1.e4 e6 2.d4 d5 3.Nc3 Bb4 4.e5 Qd7 5.Bd2 Bxc3 6.Bxc3 b6 7.Nh3 Ba6 8.Bxa6 Nxa6
9.Qg4 f5 10.exf6 Nxf6 11.Qe2 Nb8 12.O-O O-O  1/2-1/2

[Event "Stockholm"]
[Site "Stockholm"]
[Date "1990.??.??"]
[Round "?"]
[White "Hellers, Ferdinand"]
[Black "Karlsson, Lars"]
[Result "1/2-1/2"]
[WhiteElo "2520"]
[BlackElo "2495"]

1.e4 e6 2.d4 d5 3.Nc3 Bb4 4.e5 b6 5.a3 Bf8 6.Nf3 Qd7 7.Bb5 Nc6 8.O-O a6 9.Bd3 Bb7
10.Ne2 O-O-O 11.b4 Nb8 12.c3 h6 13.Nf4 Ba8 14.a4 Kb7 15.Qe2 Ka7 16.Bd2 Rc8
17.h4 Be7 18.h5 Bd8 19.a5 b5 20.g4 Bc6 21.Ng2 Qe8 22.Nfh4 Bxh4 23.Nxh4 Qd8
24.Ng2 Ne7 25.f3 Bd7 26.Be1 Qf8 27.Bh4 Nbc6 28.Ne3 f5 29.gxf5 exf5 30.Ng2 f4
31.Qd2 Bf5 32.Be2 Bh3 33.Rf2  1/2-1/2

[Event "Rilton Cup"]
[Site "Stockholm"]
[Date "1990.??.??"]
[Round "4"]
[White "Wedberg, Tom"]
[Black "Maier, Christian"]
[Result "1/2-1/2"]
[WhiteElo "2480"]
[BlackElo "2330"]

1.e4 e6 2.d4 d5 3.Nc3 Bb4 4.e5 Ne7 5.Nf3 c5 6.a3 Bxc3+ 7.bxc3 Nbc6 8.Be2 Bd7
9.O-O Qc7 10.a4 f6 11.Bf4 Ng6 12.Bg3 f5 13.h4 Qa5 14.h5 Nge7 15.Bf4 c4 16.Qd2 h6
17.Nh4 O-O-O 18.g3 Rdg8 19.Kg2 Kb8 20.Rh1 Ka8 21.Qe1 Be8 22.Bc1 g5 23.hxg6 Nxg6
24.Nxg6 Bxg6 25.Bf4 h5 26.Qd2 Rh7 27.Rab1 Be8 28.Bg5 Nb8 29.Ra1 Bg6 30.f4 Be8
31.Kf2 Nd7 32.Ra3 Nb6 33.Bd8 Bg6 34.Bxb6 Qxb6 35.Raa1 Qd8 36.Rh4 Be8 37.a5 Rhg7
38.Qe3 a6 39.Rh3 Rh7 40.Rh4 Rhg7 41.Rh3 Rh7 42.Rh4 Rhg7  1/2-1/2

[Event "SWZ-GP"]
[Site "?"]
[Date "1990.??.??"]
[Round "5"]
[White "Gallagher, Joseph G"]
[Black "Huss, Andreas"]
[Result "1-0"]
[WhiteElo "2470"]
[BlackElo "2345"]

1.e4 e6 2.d4 d5 3.Nc3 Bb4 4.e5 b6 5.Qg4 Bf8 6.Nh3 Qd7 7.Nf4 Ba6 8.Bxa6 Nxa6
9.h4 Nb4 10.Qe2 h5 11.Be3 g6 12.O-O-O O-O-O 13.f3 Kb7 14.g4 Ne7 15.Kb1 Nec6
16.a3 Na6 17.gxh5 gxh5 18.Nd3 Nab8 19.Bg5 Rc8 20.Nf4 Ne7 21.Bf6 Rh6 22.Rhg1 Nf5
23.Rg5 Nxh4 24.Nxh5 Nc6 25.Qf2 Nf5 26.Nf4 Na5 27.Qe2 Nc4 28.Rxf5 exf5 29.Nfxd5 b5
30.Nf4 Re8 31.Qf2 Qc6 32.Ncd5 Qa6 33.Nd3 Bxa3 34.bxa3 Qxa3 35.Qe1 Rh2 36.Qc3 Qxc3
37.Nxc3 Na3+ 38.Kb2 Nxc2 39.Nc5+ Kc6 40.Kc1 Nxd4 41.Rxd4 Kxc5 42.Rd7 Kc4
43.Rxc7+ Kd3 44.Nxb5 Ke3 45.Rc3+ Kf4 46.Nc7 Rh1+ 47.Kd2 Rb8 48.Nd5+ Kg3 49.f4+ Kf2
50.Kc2 Rh2 51.Be7 Ke1+ 52.Kd3 Rd2+ 53.Ke3 Re2+ 54.Kd3 Rd2+ 55.Kc4 Rc8+ 56.Bc5 Ke2
57.Rg3 Rd1 58.Nc3+  1-0

[Event "Toronto2"]
[Site "Toronto"]
[Date "1990.??.??"]
[Round "?"]
[White "Findlay, Ian T"]
[Black "Husain, S Mazhar"]
[Result "1-0"]
[WhiteElo "2345"]
[BlackElo "2250"]

1.e4 e6 2.d4 d5 3.Nc3 Bb4 4.e5 Qd7 5.Bd2 b6 6.Bb5 c6 7.Ba4 f5 8.exf6 Nxf6
9.Nf3 O-O 10.O-O a5 11.a3 Bd6 12.Re1 Qc7 13.Ne5 b5 14.Bb3 Nbd7 15.Bf4 Nxe5
16.dxe5 Bc5 17.Bg3 Nd7 18.Qg4 Nb6 19.a4 b4 20.Ne2 Qf7 21.Nf4 Bd4 22.Rab1 c5
23.Kh1 c4 24.Ba2 Bc5 25.h4 Qf5 26.Qe2 Be7 27.Rbd1 Bb7 28.c3 Bxh4 29.Bb1 Qf7
30.Bxh4 Qxf4 31.Rd4 Qh6 32.Kg1 Rf4 33.Rxf4 Qxf4 34.Qh5 Qh6 35.Qg4 Qd2 36.Qxe6+ Kh8
37.f3 Qh6 38.Qe7 Bc6 39.Bg5 Re8 40.Qxe8+ Bxe8 41.Bxh6 gxh6 42.cxb4 axb4 43.a5 Na4
44.a6 Kg7 45.a7 Nb6 46.Bf5 d4 47.Re4  1-0

[Event "Trnava op"]
[Site "Trnava"]
[Date "1990.??.??"]
[Round "9"]
[White "Bjerring, Kai"]
[Black "Brestak, Jan"]
[Result "1-0"]
[WhiteElo "2310"]
[BlackElo "2300"]

1.e4 e6 2.d4 d5 3.Nc3 Bb4 4.e5 b6 5.Qg4 Bf8 6.h4 Qd7 7.h5 f5 8.Qg3 Ba6 9.Bxa6 Nxa6
10.a3 c5 11.Nge2 Nh6 12.Qd3 Nc7 13.a4 a6 14.Nf4 Ng4 15.f3 Nh6 16.Be3 Be7
17.b3 Qc6 18.Qd2 Nf7 19.Nce2 Rd8 20.c3 a5 21.Kf2 Na6 22.Rhc1 O-O 23.Qe1 Qd7
24.Kg1 Nb8 25.Qg3 Kh8 26.Ng6+ Kg8 27.h6 gxh6 28.Nxe7+ Kh8 29.Qh4 Ng5 30.Ng6+ hxg6
31.Bxg5 Rc8 32.Qxh6+ Qh7 33.Qxh7+ Kxh7 34.Kf2 Nd7 35.Nf4  1-0

[Event "FRA-FRG"]
[Site "Uzes"]
[Date "1990.??.??"]
[Round "4"]
[White "Apicella, Manuel"]
[Black "Hertneck, Gerald"]
[Result "0-1"]
[WhiteElo "2410"]
[BlackElo "2520"]

1.e4 e6 2.d4 d5 3.Nc3 Bb4 4.e5 Ne7 5.a3 Bxc3+ 6.bxc3 c5 7.Nf3 b6 8.a4 Ba6
9.Bb5+ Bxb5 10.axb5 h6 11.O-O O-O 12.Qe2 Nd7 13.Ba3 a6 14.bxa6 Qc8 15.c4 Qxa6
16.Nd2 dxc4 17.dxc5 bxc5 18.Qxc4 Nc6 19.Bb2 Qxc4 20.Nxc4 Rxa1 21.Rxa1 Rb8
22.Bc3 Nb4 23.Ne3 Nd5 24.Nxd5 exd5 25.f4 d4 26.Be1 g5 27.Bg3 gxf4 28.Bxf4 Rb6
29.Ra8+ Kg7 30.Kf2 Nf8 31.Ke2 Ne6 32.Bd2 c4 33.Rc8 c3 34.Be1 h5 35.Bh4 Kg6
36.Kd3 Rb4 37.Bg3 h4 38.Bxh4 Nf4+ 39.Ke4 d3+ 40.Kf3 d2 41.Rd8 Ne6  0-1

[Event "Warsaw"]
[Site "Warsaw"]
[Date "1990.??.??"]
[Round "1"]
[White "Tischbierek, Raj"]
[Black "Gdanski, Jacek"]
[Result "1/2-1/2"]
[WhiteElo "2440"]
[BlackElo "2430"]

1.e4 e6 2.d4 d5 3.Nc3 Bb4 4.e5 Ne7 5.a3 Bxc3+ 6.bxc3 c5 7.Nf3 Bd7 8.a4 Qa5
9.Bd2 Nbc6 10.Bb5 c4 11.O-O h6 12.Bc1 O-O-O 13.Qd2 f5 14.Ba3 g5 15.Bxc6 Nxc6
16.h4 Rdg8 17.hxg5 Qd8 18.gxh6 Rg4 19.g3 Qg8 20.Kg2 f4 21.Nh2 Rh4 22.Nf3 Rg4
23.Nh2  1/2-1/2